Essenswörter in verschiedenen romanischen Sprachen - Statistiken

Allgemein
  • Dieses Quiz wurde 202 mal gespielt
  • Das Durchschnittsergebnis liegt bei 20 aus 77
Antwortstatistiken
Hint Antwort % Korrekt
Brot Katalanisch Pa
96%
Wasser Lat Aqua
75%
Brot Italienisch Pane
70%
Apfel Fr Pomme
67%
Wasser Sp Agua
66%
Wasser Po Água
66%
Wasser Fr Eau
66%
Milch It Latte
62%
Zucker Fr Sucre
62%
Zucker Kat Sucre
62%
Milch Ru Lait
61%
Brot Französisch Pain
61%
Kartoffel Fr Patate
60%
Eis Kat Gelat
59%
Eis It Gelato
56%
Kartoffel Sp Papa
53%
Butter Fr Beurre
51%
Kartoffel Lat Patata
51%
Kartoffel It Patata
51%
Kartoffel Kat Patata
51%
Bier Fr Bière
48%
Bier It Birra
47%
Bier Sp Cerveza
45%
Milch Sp Leche
45%
Reis It Riso
42%
Reis Fr Riz
40%
Butter It Burro
38%
Eis Fr Crème glacée
38%
Apfel Sp Manzana
35%
Wasser It Acqua
31%
Zucker Sp Azúcar
31%
Reis Sp Arroz
30%
Reis Po Arroz
30%
Apf2l It Mela
30%
Eis Sp Helado
27%
Butter Sp Mantequilla
19%
Kohl Fr Chou
16%
Brot Latein Panis
16%
Brot Portugiesisch Pão
14%
Milch Lat Lac
12%
Bier Kat Cervesa
9%
Bier Lat Cervisia
9%
Milch Po Leite
9%
Bier Po Cerveja
8%
Kartoffel Po Batata
7%
Kohl It Cavolo
6%
Zucker Po Açucar
5%
Kohl Kat Col
5%
Eis Po Gelado
5%
Apfel Po Maçã
5%
Butter Po Manteiga
5%
Brot Rumänisch Pâine
5%
Apfel Kat Poma
5%
Wasser Ru Apă
4%
Bier Ru Bere
4%
Apfel Lat Mālum
4%
Apfel Ru Măr
4%
Kohl Sp Repollo
3%
Wasser Kat Aigua
2%
Butter Lat Butyrum
2%
Milch Fr Lapte
2%
Milch Kat Llet
2%
Reis Ru Orez
2%
Zucker Lat Sāccharum
2%
Butter Ru Unt
2%
Reis Kat Arròs
1%
Kartoffel Ru Cartof
1%
Kohl Po Couva
1%
Kohl Lat Cȳma
1%
Brot Spanisch Empanar
1%
Eis Lat Glacies crepito
1%
Eis Ru Inghetata
1%
Butter Kat Mantega
1%
Reis Lat Oryza
1%
Kohl Ru Varză
1%
Zucker Ru Zahăr
1%
Zucker It Zuccherare
1%
Keine übereinstimmenden Quizze gefunden
Verteilung der Resultate
Anzahl Personen mit jedem Resultat
Perzentil nach korrekt beantworteten Fragen
Ihre Resultats-Entwicklung
Sie haben dieses Quiz noch nicht gespielt